|
|
|
|
| LEADER |
00000naa2a2200000 4500 |
| 001 |
614449 |
| 005 |
20231101132816.0 |
| 035 |
|
|
|a (RuTPU)RU\TPU\conf\12619
|
| 035 |
|
|
|a RU\TPU\conf\12618
|
| 090 |
|
|
|a 614449
|
| 100 |
|
|
|a 20150925d2015 k y0rusy50 ca
|
| 101 |
0 |
|
|a rus
|
| 102 |
|
|
|a RU
|
| 105 |
|
|
|a y z 101zy
|
| 135 |
|
|
|a drgn ---uucaa
|
| 181 |
|
0 |
|a i
|
| 182 |
|
0 |
|a b
|
| 200 |
1 |
|
|a Численное моделирование прохождения рентгеновского пучка через коллиматоры из различных материалов
|f И. Б. Данилова
|g науч. рук. С. Г. Стучебров
|
| 203 |
|
|
|a Текст
|c электронный
|
| 225 |
1 |
|
|a Методы исследования и изготовления функциональных материалов
|
| 230 |
|
|
|a 1 компьютерный файл (pdf; 158 Кb)
|
| 300 |
|
|
|a Заглавие с титульного экрана
|
| 337 |
|
|
|a Adobe Reader
|
| 463 |
|
0 |
|0 (RuTPU)RU\TPU\conf\12499
|t Функциональные материалы: разработка, исследование, применение
|o сборник тезисов докладов III Всероссийского конкурса научных докладов студентов, г.Томск, г.Тамбов, 26-27 мая 2015 г.
|f Национальный исследовательский Томский политехнический университет (ТПУ) ; Национальный исследовательский Томский государственный университет (ТГУ) ; Тамбовский государственный университет имени Г. Р. Державина ; ред. кол. И. А. Курзина [и др.]
|v [С. 54]
|d 2015
|
| 610 |
1 |
|
|a труды учёных ТПУ
|
| 610 |
1 |
|
|a электронный ресурс
|
| 610 |
1 |
|
|a численное моделирование
|
| 610 |
1 |
|
|a рентгеновские пучки
|
| 610 |
1 |
|
|a коллиматоры
|
| 610 |
1 |
|
|a рентгеновские источники
|
| 610 |
1 |
|
|a неразрушающий контроль
|
| 700 |
|
1 |
|a Данилова
|b И. Б.
|
| 702 |
|
1 |
|a Стучебров
|b С. Г.
|c физик
|c инженер-исследователь Томского политехнического университета
|f 1981-
|g Сергей Геннадьевич
|2 stltpush
|4 727
|
| 712 |
0 |
2 |
|a Национальный исследовательский Томский политехнический университет (ТПУ)
|b Институт неразрушающего контроля (ИНК)
|b Лаборатория № 40 (Технической томографии и интроскопии) (Лаборатория № 40)
|h 6776
|2 stltpush
|3 (RuTPU)RU\TPU\col\20619
|
| 801 |
|
2 |
|a RU
|b 63413507
|c 20210220
|g RCR
|
| 856 |
4 |
|
|u http://earchive.tpu.ru/handle/11683/23933
|
| 856 |
4 |
|
|u http://www.lib.tpu.ru/fulltext/c/2015/C96/052.pdf
|
| 942 |
|
|
|c BK
|